| 000 | 00694nam a2200253 i 4500 | ||
|---|---|---|---|
| 001 | bg | ||
| 100 | 1 | _aNAVARRO, Ann | |
| 245 | 1 | 0 |
_aXHTML w przykładach / _cAnn Navarro ; przeł. z ang Maciej Baranowski. |
| 246 |
_iTyt. oryg.: _aXHTML. By example |
||
| 260 |
_aWarszawa : _b"Mikom", _c2001. |
||
| 300 |
_a370 s. ; _c24 cm. |
||
| 500 | _aTyt. oryg.: "XHTML. By example". | ||
| 504 | _aIndeks. | ||
| 650 | 9 | _aXHTML | |
| 655 | _aPodręczniki | ||
| 020 | _a8372791600 | ||
| 040 | _cBPK | ||
| 041 | 1 |
_apl _hen |
|
| 080 | _a004.438(07)A/Z | ||
| 920 | _a83-7279-160-0 | ||
| 942 | _cKS | ||
| 008 | s pl f |000 0 pol | ||
| 999 |
_c40070 _d40070 |
||
| 856 |
_uhttp://koha.tu.koszalin.pl/cgi-bin/koha/opac-detail.pl?biblionumber=40070 _yKatalog online BPK |
||